আরবী ছোট গল্প / (Record no. 49097)
[ view plain ]
| 000 -LEADER | |
|---|---|
| fixed length control field | 01259nam a2200265 a 4500 |
| 001 - CONTROL NUMBER | |
| control field | 49097 |
| 003 - CONTROL NUMBER IDENTIFIER | |
| rucl marc code | BD-RjUL |
| 005 - DATE AND TIME OF LATEST TRANSACTION | |
| control field | 20211209054632.0 |
| 008 - FIXED-LENGTH DATA ELEMENTS--GENERAL INFORMATION | |
| fixed length control field | 160817s1964 bg ||||| |||| 00| f ben d |
| 020 ## - INTERNATIONAL STANDARD BOOK NUMBER | |
| Terms of availability | : Tk. 2.50 |
| 035 ## - SYSTEM CONTROL NUMBER | |
| System control number | (BD-RjUL)49216 |
| 040 ## - CATALOGING SOURCE | |
| Original cataloging agency | BD-RjUL |
| Language of cataloging | ben |
| Transcribing agency | BD-RjUL |
| 041 ## - LANGUAGE CODE | |
| Language code of text/sound track or separate title | ben |
| 082 ## - DEWEY DECIMAL CLASSIFICATION NUMBER | |
| Edition number | 23 |
| Classification number | 892.73 |
| Author mark and year | ARA 1964 |
| 245 00 - TITLE STATEMENT | |
| Title | আরবী ছোট গল্প / |
| Statement of responsibility, etc. | অনুবাদ আবুল কাসিম মুহম্মদ আদমুদ্দীন ; সম্পাদনা আলাউদ্দিন-আল-আজাদ |
| 260 ## - PUBLICATION, DISTRIBUTION, ETC. (IMPRINT) | |
| Place of publication, distribution, etc. | ঢাকা : |
| Name of publisher, distributor, etc. | বাঙলা একাডেমী, |
| Date of publication, distribution, etc. | ১৯৬৪ |
| 300 ## - PHYSICAL DESCRIPTION | |
| Pagination | [৮], ৯৪ পৃ. ; |
| Size | ২০ সেমি. |
| 490 ## - SERIES STATEMENT | |
| Series statement | আধুনিক সাহিত্য-গ্রন্থমালা ; |
| Volume/sequential designation | ৩ |
| 650 ## - SUBJECT ADDED ENTRY--TOPICAL TERM | |
| Topical term or geographic name as entry element | আরবী ছোটগল্প |
| 9 (RLIN) | 147680 |
| Topical term or geographic name as entry element | Arabic Short Story |
| 9 (RLIN) | 147681 |
| 700 ## - ADDED ENTRY--PERSONAL NAME | |
| Personal name | আদমুদ্দীন, আবুল কাসিম মুহম্ম্দ, অনুবাদক |
| Personal name | আলাউদ্দিন-আল-আজাদ, সম্পাদক |
| 830 ## - SERIES ADDED ENTRY--UNIFORM TITLE | |
| Uniform title | আধুনিক সাহিত্য-গ্রন্থমালা ; |
| Volume number/sequential designation | ৩ |
| 942 ## - ADDED ENTRY ELEMENTS (KOHA) | |
| Source of classification or shelving scheme | Dewey Decimal Classification |
| Koha item type | Books |
| Lost status | Source of classification or shelving scheme | Damaged status | Not for loan | Collection code | Permanent Location | Current Location | Shelving location | Date acquired | Cost, normal purchase price | Total Checkouts | Full call number | Date last seen | Date checked out | Copy number | Koha item type | Source of acquisition |
|---|---|---|---|---|---|---|---|---|---|---|---|---|---|---|---|---|
| Dewey Decimal Classification | Non-fiction | Central Library, University of Rajshahi | Central Library, University of Rajshahi | 21/12/1966 | 2.50 | 3 | B 892.73 ARA 1964 | 24/07/2022 | 30/06/2022 | C-2 | Books | |||||
| Dewey Decimal Classification | Non-fiction | Central Library, University of Rajshahi | Central Library, University of Rajshahi | 21/12/1966 | 1.50 | B 892.73 ARA 1964 | 16/10/2016 | C-3 | Books | N/A | ||||||
| Dewey Decimal Classification | Non-fiction | Central Library, University of Rajshahi | Central Library, University of Rajshahi | 21/12/1966 | 2.50 | B 892.73 ARA 1964 | 18/10/2016 | C-4 | Books | N/A | ||||||
| Dewey Decimal Classification | Non-fiction | Central Library, University of Rajshahi | Central Library, University of Rajshahi | 17/01/1967 | 2.50 | B 892.73 ARA 1964 | 18/10/2016 | C-5 | Books | N/A | ||||||
| Dewey Decimal Classification | Not For Loan | Non-fiction | Central Library, University of Rajshahi | Central Library, University of Rajshahi | Reading Room | 23/02/1967 | 2.50 | B 892.73 ARA 1964 | 27/02/2017 | C-1 | Books | Nowrose kitabitan, Dhaka. |